| 000 | 00868nam a22002777a 4500 | ||
|---|---|---|---|
| 003 | CHAP | ||
| 005 | 20220329140948.0 | ||
| 008 | 971013s1984 r 00010 d | ||
| 010 | _a60537 | ||
| 011 | _a61509 | ||
| 035 | _a65675 | ||
| 040 | _cCHAP | ||
| 082 |
_a633.2 _bI52 1978 |
||
| 110 |
_aINIA. México. Campo Agrícola Experimental La Laguna _958495 |
||
| 245 | _aInforme de investigación en forrajes, 1978 | ||
| 260 |
_aMatamoros, Coah. : _bEl campo, _c1984 |
||
| 300 | _a318 p. | ||
| 590 |
_aBATCH-UPD _b10 _c20130110 _lUCH01 _h2022 |
||
| 590 |
_aBATCH-UPD _b10 _c20130410 _lUCH01 _h1340 |
||
| 590 |
_aBATCH-UPD _b10 _c20130914 _lUCH01 _h1431 |
||
| 590 |
_aCONVERSION _b10 _c20130109 _lUCH01 _h1333 |
||
| 650 | 1 | 4 |
_aForrajes _xInvestigación. _942576 |
| 901 | _aBK | ||
| 942 | _cLIBRO | ||
| 949 |
_a633.2 I52 1978 _bBC _cCONG _d33724000213633 _eCONG _h62699 _i65675 _si |
||
| 999 |
_c60537 _d60537 |
||